| 000 | 00458cam a2200193ua 4500 | ||
|---|---|---|---|
| 020 | _c2.00 | ||
| 041 |
_ahin _h |
||
| 082 |
_a891.54 _bJAY/AJ |
||
| 100 | _aJayashankar, Prasad . | ||
| 245 |
_aAjathashathru / _cJayashankar Prasad. _hTextual Documents |
||
| 250 |
_a20 / _b. |
||
| 260 |
_a : _bBharati Bhandar , _c1961. |
||
| 300 | _a137 ; . | ||
| 365 | _a2.00 | ||
| 504 | _a | ||
| 999 |
_c12326 _d12326 |
||